000 00529nam a22002177a 4500
003 UA-OsUOA
001 56436
007 ta
008 20081028b un ||||| |||| 00| 0 ukr d
100 _aБілоусова Н.
090 _a330(477)
_bБ67
942 _cSA
040 _aUA-OsUOA
_bukr
_cUA-OsUOA
_dUA-OsUOA
245 _aДепозитні "заморозки"
300 _aС.5
955 _a0
041 _aukr
080 _a330(477)
773 0 _w56434
650 7 _a330 Економіка взагалі
_2UDC
999 _c342521
_d342521